Historia mysli ekonomicznej Przewodnik metodyczny

Saved in:
Bibliographic Details
Format: Book
Language:Polish
Published: Katowice Akademia Ekon. im. Karola Adamieckiego 1991
Series:Skrypty uczelniane
Tags: Add Tag
No Tags, Be the first to tag this record!

MARC

LEADER 00000nam a2200000 4500
001 c031823
005 20260327122047.1
041 0 |a pol 
044 |a PL 
245 1 0 |a Historia mysli ekonomicznej  |b Przewodnik metodyczny  |c Zdzislaw Czech 
264 1 |a Katowice  |b Akademia Ekon. im. Karola Adamieckiego  |c 1991 
300 |a 129 s. 
490 1 |a Skrypty uczelniane 
830 0 |a Skrypty uczelniane